| 000 | 00349nam a2200145Ia 4500 | ||
|---|---|---|---|
| 008 | 191201s2010 xx 000 0 und d | ||
| 082 |
_a620.3 _bSIM |
||
| 100 | _aSINGH, V. P | ||
| 245 | 0 | _aMechanical Vibrations | |
| 250 | _aRep | ||
| 260 |
_aN. Delhi _bDhanpat Rai Pub (P) Ltd _c2010 |
||
| 300 | _a516+11 | ||
| 650 | _aB.Tech(ME) | ||
| 942 |
_2ddc _cBK |
||
| 999 |
_c5760 _d5760 |
||